000 00194 a2200097 4500
001 11669
100 _aSamuelson,P.A
245 _aEconomics
260 _a
_bMeGraw Hill
_c
090 _c8980
_d8980
942 _aNUST-CAE
_cM
_c35800
999 _c246742
_d246742